Python : (Record no. 155532)

MARC details
000 -LEADER
fixed length control field 00617nam a22001937a 4500
005 - DATE AND TIME OF LATEST TRANSACTION
control field 20180806155821.0
010 ## - LCCN (DPL NO)
LC control number ENG-123816
020 ## - INTERNATIONAL STANDARD BOOK NUMBER
International Standard Book Number 9789387572942
Terms of availability 699.00
035 ## - SYSTEM CONTROL NUMBER
System control number EN-107348
037 ## - SOURCE OF ACQUISITION
Source of stock number/acquisition DBAD/PUB
082 ## - DEWEY DECIMAL CLASSIFICATION NUMBER
Classification number 005.133
100 ## - MAIN ENTRY--PERSONAL NAME
Personal name Brown, Martin C.
245 ## - TITLE STATEMENT
Title Python :
Statement of responsibility, etc by Martin C. Brown
Remainder of title the complete reference /
260 ## - PUBLICATION, DISTRIBUTION, ETC. (IMPRINT)
Place of publication, distribution, etc Chennai
Name of publisher, distributor, etc McGraw Hill Education
Date of publication, distribution, etc 2018
270 ## - ADDRESS
Address 444/1, Sri Ekambara Naicker, Industrial Estate, Alapakkam Porur,
City Chennai
Postal code 600116
300 ## - PHYSICAL DESCRIPTION
Extent xxvii,691p.
Dimensions 24cm. (pbk)
500 ## - GENERAL NOTE
General note Its include index
942 ## - ADDED ENTRY ELEMENTS (KOHA)
Source of classification or shelving scheme Dewey Decimal Classification
Item type English Books
Classification part 005.133
Call number suffix BRO
Holdings
Withdrawn status Lost status Not for loan Collection code Home library Current library Date acquired Source of acquisition Cost, normal purchase price Full call number Barcode Copy number Cost, replacement price Koha item type
      Non-fiction Shahdara Branch Shahdara Branch 06/08/2018 DBAD/PUB 699.00 005.133 BRO EN-107348 1 699.00 English Books

© Delhi Public Library
Hit Counter
free hit counter